logo

Bir Sreshtho Munshi Abdur Rouf Library
Jhenaidah Cadet College

জ্যামিতির জন্য ভালবাসা : (Record no. 10890)

MARC details
000 -LEADER
fixed length control field 00807nam a2200229 a 4500
001 - CONTROL NUMBER
JCCL Control Number 10890
003 - CONTROL NUMBER IDENTIFIER
JCCL marc code BD-JhCC
005 - DATE AND TIME OF LATEST TRANSACTION
control field 20220119134022.0
008 - FIXED-LENGTH DATA ELEMENTS--GENERAL INFORMATION
fixed length control field 190526b20162010bd ||||| a||| 00| 0 ben d
020 ## - INTERNATIONAL STANDARD BOOK NUMBER
International Standard Book Number 9847015200046
035 ## - SYSTEM CONTROL NUMBER
system control number (BD-JhCC)10890
040 ## - CATALOGING SOURCE
Original cataloging agency BD-JhCC
Modifying agency BD-JhCC
041 ## - LANGUAGE CODE
Language code of Book ben
082 ## - DEWEY DECIMAL CLASSIFICATION NUMBER
Author mark and Year CHO 2016
Classification number 510
100 ## - MAIN ENTRY--PERSONAL NAME
Personal name চক্রবর্তী, সৌমিত্র
245 ## - TITLE STATEMENT
Title জ্যামিতির জন্য ভালবাসা :
Remainder of title প্রানের মাঝে গণিত বাজে /
Statement of responsibility, etc সৌমিত্র চক্রবতী ।
260 ## - PUBLICATION, DISTRIBUTION, ETC. (IMPRINT)
Place of publication, distribution, etc ঢাকা, বাংলাদেশ:
Name of publisher, distributor, etc অনুপম প্রকাশনী,
Date of publication, distribution, etc 2016.
300 ## - PHYSICAL DESCRIPTION
Pagination 335 p. :
Other physical details Included
Dimensions 22 cm.
650 ## - SUBJECT ADDED ENTRY--TOPICAL TERM
Topical term or geographic name as entry element Mathematics
942 ## - ADDED ENTRY ELEMENTS (KOHA)
Source of classification or shelving scheme Dewey Decimal Classification
Koha item type Books
Koha issues (borrowed), all copies 6
Holdings
Source of classification or shelving scheme Damaged status Not for loan Home library Current library Shelving location Date of accession Call number prefix Total Checkouts Total Renewals Full call number Barcode Date last seen Date checked out Copy number Koha item type Cost, normal purchase price
Dewey Decimal Classification     JCC Rouf Library JCC Rouf Library General Stacks 06/12/2019 400.00 4   510 CHO 2016 14842 06/08/2022 05/14/2022 C-1 Books  
Dewey Decimal Classification     JCC Rouf Library JCC Rouf Library General Stacks 09/11/2019   1   510 CHO 2016 15465 03/30/2022 01/18/2022 C-2 Books 336.00

JCC Library | Contacts | JCC Home

Last Update on 23 September 2017
Copyright @ 2017-2020 JCC Rouf Library
Rouf Library, Jhenidah Cadet College (JCC), Bangladesh